Fratries célèbres - Statistiques

Statistiques générales
  • Ce quiz a été pris 69 fois
  • Le résultat moyen est 8 sur 24
Statistiques - réponses
Hint Réponse % Correct
Dans la mythologie romaine, quel frère jumeau est le fondateur de Rome ? Romulus
89%
Parmi les frères Dalton, lequel est le plus petit ? Joe
74%
Elles chantent toutes les deux, il s'agit des sœurs Dannii et Kylie... Minogue
61%
Quel est le surnom de la sœur de Kate Middleton, dont le prénom est Philippa ? Pippa
56%
Quel est le nom de famille des jumeaux prénommés Hervé et Joël, qui présentaient "Multitop" ? (Pensez à une fête) Noël
52%
Les jumelles Mary-Kate et Asheley ont fait leurs débuts dans la série "La Fête à la maison". Quel est leur nom ? Olsen
52%
David Séchan a un frère jumeau qui est un célèbre chanteur. Quel est son prénom ? Renaud
48%
Quel est le prénom de la sœur d'Alexandra Lamy, qui joue dans "Scènes de ménage" ? Audrey
44%
Quel est le nom de ces 2 sœurs actrices ? Penelope et Monica...(rien à voir avec Tom !) Cruz
43%
Les filles de Jane Birkin sont : Charlotte Gainsbourg, Kate Barry et Lou... Doillon
37%
Qui rend hommage à son frère jumeau Nicolas dans les chansons "Beau Malheur" et "Sois tranquille" ? Emmanuel Moire
37%
Quel sport pratiquaient Bob et Mike Bryan, frères jumeaux américains, qui ont pris leur retraite en 2020 ? Le tennis
35%
Quel est le prénom du frère du comédien Gilles Lellouche ? Philippe
33%
La sœur de Catherine Deneuve s'appelait Françoise... Dorléac
28%
Quel est le nom de famille des frères luxembourgeois Andy et Frank, qui ont pratiqué le cyclisme ? Schleck
28%
Laquelle des sœurs Brontë a écrit "Jane Eyre" ? Charlotte
24%
Quel groupe musical, chantant "Le Chemin", les frères Dubos ont-ils créé avec Nicolas Chassagne et Benoît Poher ? Kyo
20%
Dans quel groupe humoristique retrouvait-on les frères Christian et Jean-Guy Fechner, qui ont joué dans des films et aussi chanté ? Les Charlots
19%
Quel groupe s'est fait connaître avec son tube "MMMbop" en 1997 ? Hanson
17%
Les frères Tiozzo, qui s'illustrent en tant que boxeurs, sont 3 : Franck, Christophe et... Fabrice
13%
"Mary à tout prix", "Dumb and Dumber" sont 2 succès du box-office réalisés par les frères Bobby et Peter... Farrelly
9%
Qui était le frère jumeau d'Ésaü ? Jacob
9%
Comment se prénomme la sœur de Marat Safin, qui jouait également au tennis ? Dinara
4%
Quel célèbre producteur de cinéma a un frère jumeau prénommé Daniel ? Dominique Besnehard
2%
Aucun quiz correspondant
Distribution des résultats
% des personnes avec chaque résultat
Percentile par nombre de réponses
Votre historique - résultats
Vous n’avez pas pris ce quiz